Stastitical methods in computer security

Đã lưu trong:
書目詳細資料
主要作者: Chen, William W. S.
格式: 圖書
語言:Undetermined
出版: New York Marcel Dekker 2005
主題:
標簽: 添加標簽
沒有標簽, 成為第一個標記此記錄!
Thư viện lưu trữ: Trung tâm Học liệu Trường Đại học Cần Thơ
LEADER 00549nam a2200205Ia 4500
001 CTU_88951
008 210402s9999 xx 000 0 und d
020 |c 1499000 
082 |a 005.801 
082 |b C518 
100 |a Chen, William W. S. 
245 0 |a Stastitical methods in computer security 
245 0 |c William W. S. Chen 
260 |a New York 
260 |b Marcel Dekker 
260 |c 2005 
650 |a Computer security 
650 |x Statistical methods 
904 |i Năm 
980 |a Trung tâm Học liệu Trường Đại học Cần Thơ